|
|
|
|
| LEADER |
00000ny a22000003n 4500 |
| 005 |
20110623174057.0 |
| 008 |
090130s2008 ck s 000 0 spa d |
| 020 |
|
|
|a 9586483673
|
| 035 |
|
|
|a 2521
|
| 040 |
|
|
|a UMA.RE
|d vlex
|
| 080 |
|
|
|a 657.3(075.8)(0.034)
|
| 090 |
|
|
|c 1180
|d 1180
|
| 100 |
1 |
|
|a Carvalho, Javier Alonso
|
| 245 |
1 |
0 |
|a Estados financieros
|h [Recurso electrn̤ico]
|b Normas para preparacin̤ y presentacin̤ /
|c Javier Alonso Carvalho
|
| 256 |
|
|
|a Servicio en ln̕ea
|
| 260 |
|
|
|a Bogot ̀:
|b ECOE,
|c 2008
|
| 506 |
1 |
|
|a Contenido solo disponible en los productos indicados
|d vLex Global
|d vLex Global (Academic Edition, excluding Law Schools)
|d vLex Global (U.S. Academic Edition, Law Schools)
|d vLex Global (U.S. Academic Edition, excluding Law Schools)
|d vLex Global (Academic Edition, Law Schools)
|
| 740 |
0 |
|
|a vLex Libros (Servicios en ln̕ea)
|
| 856 |
4 |
0 |
|z Acceso restringido
|u http://vlex.com/source/estados-financieros-normas-preparacion-presentacion-2521
|
| 942 |
|
|
|c BOOK
|
| 999 |
0 |
4 |
|a Balances(Contabilidad)
|v En ln̕ea
|